<?xml version="1.0" encoding="UTF-8"?>
<collection xmlns="http://www.loc.gov/MARC21/slim">
 <record>
  <leader>01260nam a2200301 a 4500</leader>
  <controlfield tag="001">751</controlfield>
  <controlfield tag="003">BD-DhAAL</controlfield>
  <controlfield tag="005">20150415142136.0</controlfield>
  <controlfield tag="008">150415s1993    nyuab    b    001 0beng  </controlfield>
  <datafield tag="010" ind1=" " ind2=" ">
   <subfield code="a">   92046564 </subfield>
  </datafield>
  <datafield tag="020" ind1=" " ind2=" ">
   <subfield code="a">0393035271 :</subfield>
   <subfield code="c">$27.50 USA ($35.00 CAN.)</subfield>
  </datafield>
  <datafield tag="040" ind1=" " ind2=" ">
   <subfield code="a">DLC</subfield>
   <subfield code="c">DLC</subfield>
   <subfield code="d">DLC</subfield>
   <subfield code="d">BD-DhAAL</subfield>
  </datafield>
  <datafield tag="050" ind1="0" ind2="0">
   <subfield code="a">E748.B885</subfield>
   <subfield code="b">U76 1993</subfield>
  </datafield>
  <datafield tag="082" ind1="0" ind2="0">
   <subfield code="a">341.23/3/092</subfield>
   <subfield code="a">B</subfield>
   <subfield code="2">20</subfield>
  </datafield>
  <datafield tag="100" ind1="1" ind2=" ">
   <subfield code="a">Urquhart, Brian.</subfield>
   <subfield code="9">10397</subfield>
  </datafield>
  <datafield tag="245" ind1="1" ind2="0">
   <subfield code="a">Ralph Bunche :</subfield>
   <subfield code="b">an American life /</subfield>
   <subfield code="c">Brian Urquhart.</subfield>
  </datafield>
  <datafield tag="250" ind1=" " ind2=" ">
   <subfield code="a">1st ed.</subfield>
  </datafield>
  <datafield tag="260" ind1=" " ind2=" ">
   <subfield code="a">New York :</subfield>
   <subfield code="b">W.W. Norton,</subfield>
   <subfield code="c">c1993.</subfield>
  </datafield>
  <datafield tag="300" ind1=" " ind2=" ">
   <subfield code="a">496 p. :</subfield>
   <subfield code="b">ill., maps ;</subfield>
   <subfield code="c">25 cm.</subfield>
  </datafield>
  <datafield tag="504" ind1=" " ind2=" ">
   <subfield code="a">Includes bibliographical references (p. [459]-475) and index.</subfield>
  </datafield>
  <datafield tag="541" ind1=" " ind2=" ">
   <subfield code="e">751</subfield>
  </datafield>
  <datafield tag="600" ind1="1" ind2="0">
   <subfield code="a">Bunche, Ralph J.</subfield>
   <subfield code="q">(Ralph Johnson),</subfield>
   <subfield code="d">1904-1971.</subfield>
   <subfield code="9">10398</subfield>
  </datafield>
  <datafield tag="610" ind1="2" ind2="0">
   <subfield code="a">United Nations</subfield>
   <subfield code="x">Biography.</subfield>
   <subfield code="9">10399</subfield>
  </datafield>
  <datafield tag="650" ind1=" " ind2="0">
   <subfield code="a">Statesmen</subfield>
   <subfield code="z">United States</subfield>
   <subfield code="x">Biography.</subfield>
   <subfield code="9">10400</subfield>
  </datafield>
  <datafield tag="942" ind1=" " ind2=" ">
   <subfield code="2">ddc</subfield>
   <subfield code="c">BK</subfield>
  </datafield>
  <datafield tag="999" ind1=" " ind2=" ">
   <subfield code="c">34232</subfield>
   <subfield code="d">34232</subfield>
  </datafield>
  <datafield tag="952" ind1=" " ind2=" ">
   <subfield code="0">0</subfield>
   <subfield code="1">0</subfield>
   <subfield code="2">ddc</subfield>
   <subfield code="4">0</subfield>
   <subfield code="6">341_233092000000000_URQ</subfield>
   <subfield code="7">0</subfield>
   <subfield code="9">53449</subfield>
   <subfield code="a">SCL</subfield>
   <subfield code="b">SCL</subfield>
   <subfield code="c">GEN</subfield>
   <subfield code="d">2015-04-15</subfield>
   <subfield code="e">Gift: The Asia Foundation</subfield>
   <subfield code="l">0</subfield>
   <subfield code="o">341.233092 URQ</subfield>
   <subfield code="p">3020000751</subfield>
   <subfield code="r">2015-04-15</subfield>
   <subfield code="t">1</subfield>
   <subfield code="w">2015-04-15</subfield>
   <subfield code="y">BK</subfield>
  </datafield>
  <datafield tag="952" ind1=" " ind2=" ">
   <subfield code="0">0</subfield>
   <subfield code="1">0</subfield>
   <subfield code="2">ddc</subfield>
   <subfield code="4">0</subfield>
   <subfield code="6">341_233092000000000_URQ</subfield>
   <subfield code="7">0</subfield>
   <subfield code="9">53471</subfield>
   <subfield code="a">SCL</subfield>
   <subfield code="b">SCL</subfield>
   <subfield code="c">GEN</subfield>
   <subfield code="d">2015-04-16</subfield>
   <subfield code="e">Gift: The Asia Foundation</subfield>
   <subfield code="l">0</subfield>
   <subfield code="o">341.233092 URQ</subfield>
   <subfield code="p">3020005953</subfield>
   <subfield code="r">2015-04-16</subfield>
   <subfield code="t">2</subfield>
   <subfield code="w">2015-04-16</subfield>
   <subfield code="y">BK</subfield>
  </datafield>
 </record>
</collection>
